000 00359nam a2200145Ia 4500
008 150201s2006 xx 000 0 und d
082 _a612.015
_bL2006P
100 _aPATTABIRAMAN,T.N
245 _aLABORATORY MANUAL & PRACTICAL BIOCHEMISTRY
250 _a4TH
260 _bAIPD
_aDELHI
_c2006
300 _a1-140
650 _aBIOCHEMISTRY
942 _2ddc
_cBK
999 _c3583
_d3583